Responses for Show #4009 - Thursday, January 24, 2002

Contestants

[<< previous game]

Allison Standish, a law student from Austin, Texas

Chris Stallings, a science teacher from Carmel, California

Ron White, a network engineer from Cary, North Carolina (whose 1-day cash winnings total $12,001)

[next game >>]

Jeopardy! Round responses

STATE CAPITALS
MOVEMENTS
DISNEY MOVIES
THE QUOTABLE REAGAN
TRILOBITES
"OUCH"!
    $200 6
Juneau

Allison
    $200 14
Cubism

Chris
    $200 11
Dumbo

Allison
    $200 21
duck

Ron
    $200 26
24 inches

Chris
    $200 1
(Alex: Or Alex.)
[Laughter]

crouch

Ron
    $400 7
Topeka

Ron
    $400 15
Tiananmen

Chris
    $400 12
The Little Mermaid

Chris
    $400 22
Dirty Harry

Ron
    $2,500 30
head

Chris
    $400 2
grouch

Chris
    $600 8
Richmond

Ron
    $600 16
farming

Chris
    $600 13
Snow White

Allison
    $600 23
(Allison: What is the economy?)

America

Allison
Triple Stumper
    $600 27
Ohio

Chris
    $600 3
vouch

Ron
    $800 9
Oklahoma City

Triple Stumper
    $800 17
American Indian

Ron
    $800 19
Pinocchio

Chris
    $800 24
1980

Chris
    $800 28
(Chris: What is petrification?)
(Allison: What is metamorphosis?)

molting

ChrisAllison
Triple Stumper
    $800 4
slouch

Ron
    $1000 10
St. Paul

Ron
    $1000 18
(Ron: What is Rastafanarianism?)

Rastafarianism

RonChris
    $1000 20
Fred MacMurray

Ron
    $1000 25
Abraham Lincoln Brigade (Battalion)

Ron
    $1000 29
arthropods

Chris
    $1000 5
couch

Ron

Scores at the first commercial break (after clue 16):

Ron Chris Allison
$4,600 $2,000 $1,000

Scores at the end of the Jeopardy! Round:

Ron Chris Allison
$7,000 $8,100 -$400

Double Jeopardy! Round responses

BACK TO THE 1940s
ENTERTAINING IOWANS
11 O'CLOCK LITERARY NEWS
DAYS OF THE YEAR
SCUM OF THE EARTH
"A" PLUS
    $400 14
(Chris: Uh, what is 1949?)

1948

RonChris
    $400 2
Humpty-Dumpty

Chris
    $400 10
graffiti

Allison
    $400 1
axis

Chris
    $800 15
Orson Welles

Triple Stumper
    $800 3
Ancient Mariner

Allison
    $800 21
Three Kings Day

Allison
    $800 11
calcium

Chris
    $800 4
(Ron: What's an assist?)

alley-oop

RonAllison
    $1200 16
Trygve Lie

Chris
    $1200 8
The World According to Garp

Chris
    $800 22
(Alex: [Before Allison's wager] With about a minute left.)
...
(Allison: Um...
What is...)
(Alex: Anything?)
(Allison: Maundy Thursday?)

Thanksgiving

Allison
    $1200 13
(Chris: Uh, what is, uh, Italian?)
(Allison: What is blue cheese?)

vinegar

RonChrisAllison
    $1200 5
about face

Ron
    $1600 17
Germany

Chris
    $1600 9
Oliver (Twist)

Allison
    $1600 23
(Ron: What is kamehamehama?)
(Alex: What?)
...
(Alex: That's it. I knew what you were saying.)

Kamehameha

Ron
    $1600 19
algae

Triple Stumper
    $1600 6
academic

Triple Stumper
    $2,000 18
(Chris: Who is MacArthur?)

George C. Marshall

Chris
    $2000 25
[End of round signals.]

Bix Beiderbecke

Triple Stumper
    $2000 12
A Modest Proposal

Chris
    $2000 24
(Chris: What is Bloom Day?)

Bloomsday

Chris
Triple Stumper
    $2000 20
spyro gyra

Chris
    $2000 7
aglet

Chris

Scores at the end of the Double Jeopardy! Round:

Ron Chris Allison
$10,600 $14,100 $2,000

[wagering suggestions for these scores]

Final Jeopardy! Round responses

WORLD OF SPORTS
AllisonWhat is an arrow?
$500
RonWhat is an arrow?
$10,600
ChrisWhat is a hang glider? [something crossed out]
$7,200
boomerang

Final scores:

Ron Chris Allison
$0 $6,900 $1,500
3rd place: 6-night stay at Renaissance Hotel in Beverly Hills New champion: $6,900 2nd place: trip to Mazatlan, Mexico & stay at El Cid Resorts

Game dynamics:

Coryat scores:

Ron Chris Allison
$10,600 $14,000 $2,800
16 R,
2 W
21 R
(including 1 DD),
5 W
(including 1 DD)
8 R,
4 W
(including 1 DD)

Combined Coryat: $27,400

[game clues] [game scores] [suggest correction]

Game tape date: 2001-11-06
The J! Archive is created by fans, for fans. Scraping, republication, monetization, and malicious use prohibited; this site may use cookies and collect identifying information. See terms. The Jeopardy! game show and all elements thereof, including but not limited to copyright and trademark thereto, are the property of Jeopardy Productions, Inc. and are protected under law. This website is not affiliated with, sponsored by, or operated by Jeopardy Productions, Inc. Join the discussion at JBoard.tv.